[Event "Titled Tue 27th May Early"]
[Site "chess.com INT"]
[Date "2025.05.27"]
[Round "10"]
[White "Gutman, Gennadi"]
[Black "Yevchenko, Oleksandr"]
[Result "0-1"]
[WhiteTitle "GM"]
[BlackTitle "CM"]
[WhiteElo "2445"]
[BlackElo "2276"]
[WhiteFideId "14102277"]
[BlackFideId "14108267"]
[EventDate "2025.05.27"]

1. e4 c5 2. Nf3 d6 3. c3 Nf6 4. Bc4 e6 5. Qe2 a6 6. a4 d5 7. exd5 Nxd5 8. d4 Nc6
9. O-O cxd4 10. cxd4 Be7 11. Nc3 Nf6 12. Rd1 O-O 13. Bg5 h6 14. Bh4 Re8 15. Qc2
Nb4 16. Qb3 Nbd5 17. Ne5 Nxc3 18. bxc3 Nd5 19. Bxe7 Rxe7 20. h3 Nf6 21. Rab1 Qc7
22. Qb4 Nd5 23. Bxd5 exd5 24. Qb6 Bf5 25. Qxc7 Rxc7 26. Rb6 Bc2 27. Rc1 Bxa4 28.
c4 dxc4 29. Rxc4 Rxc4 30. Nxc4 Rd8 31. Na5 Rxd4 32. Nxb7 Rd1+ 33. Kh2 Rd2 34. f3
Bb5 35. Kg3 Bf1 36. Nd6 Rxg2+ 37. Kf4 Ra2 38. Rb8+ Kh7 39. Nxf7 Bxh3 40. Kg3 Be6
41. Rh8+ Kg6 42. Ne5+ Kf5 43. Nc6 Bd5 44. Rf8+ Ke6 45. Nd4+ Ke5 46. Rf4 Ra1 0-1

[Event "Titled Tue 27th May Early"]
[Site "chess.com INT"]
[Date "2025.05.27"]
[Round "10"]
[White "Belov, Alexei"]
[Black "Reprintsev, Alexander"]
[Result "0-1"]
[WhiteTitle "IM"]
[BlackTitle "IM"]
[WhiteElo "2421"]
[BlackElo "2256"]
[WhiteFideId "4128206"]
[BlackFideId "14100541"]
[EventDate "2025.05.27"]

1. e4 e5 2. Nf3 Nc6 3. Bb5 a6 4. Ba4 Bc5 5. c3 Nge7 6. O-O Ng6 7. d4 Ba7 8. Bxc6
dxc6 9. Nxe5 Nxe5 10. dxe5 Qh4 11. Qf3 Bg4 12. Qf4 g5 13. Qxg5 Qxg5 14. Bxg5 Rg8
15. Bf4 Bf3 16. Bg3 Bxe4 17. Nd2 Bd3 18. Rfe1 O-O-O 19. Nf3 Bc4 20. b3 Be6 21.
Rad1 Rde8 22. Nd4 Bg4 23. f3 Bd7 24. Kf1 c5 25. Nc2 c4 26. Bf2 cxb3 27. axb3 c5
28. Rd6 Bb8 29. Rd5 b6 30. b4 Be6 31. Rd2 Bc4+ 32. Kg1 Rxe5 33. Rxe5 Bxe5 34.
bxc5 Bxc3 35. Rd6 bxc5 36. Rc6+ Kb7 37. Rxc5 Rc8 38. Rxc8 Kxc8 39. Bd4 Bxd4+ 40.
Nxd4 a5 41. Nc2 Kc7 42. Kf2 Kc6 43. Ke3 Kc5 44. Ke4 Bb3 45. Na1 Bd1 46. Ke5 Kb4
47. Kd5 Ka3 48. Kc5 Ka2 49. Kb5 a4 0-1

[Event "Titled Tue 27th May Early"]
[Site "chess.com INT"]
[Date "2025.05.27"]
[Round "10"]
[White "Zong, Davis"]
[Black "Maglioni, Leonardo"]
[Result "0-1"]
[WhiteTitle "FM"]
[WhiteElo "2242"]
[BlackElo "2069"]
[WhiteFideId "30903955"]
[BlackFideId "2896830"]
[EventDate "2025.05.27"]

1. d4 Nf6 2. c4 g6 3. h4 Bg7 4. Nc3 d6 5. e4 e5 6. d5 O-O 7. Be2 h5 8. Be3 a5 9.
f3 Na6 10. Nh3 Bxh3 11. Rxh3 Nd7 12. Qd2 Ndc5 13. g4 hxg4 14. fxg4 f5 15. gxf5
gxf5 16. exf5 Rxf5 17. O-O-O Kh8 18. h5 Qe7 19. h6 Bf6 20. Kb1 Rg8 21. Rdh1 Bg5
22. h7 Rg7 23. Bd1 Bxe3 24. Qxe3 Qg5 25. Qe1 Nb4 26. a3 Nbd3 27. Qe3 Qxe3 28.
Rxe3 Nf2 29. Bc2 Rf4 30. Rf1 Nh3 31. Rxf4 Nxf4 32. b4 axb4 33. axb4 Nd7 34. Nb5
Nf6 35. Ra3 Nxh7 36. Ra7 b6 37. Ra8+ Rg8 38. Rxg8+ Kxg8 39. Nxc7 Nf6 40. Na8 Nd7
41. Bf5 Nf6 42. Nxb6 Kf7 43. Kc2 Ke7 44. Kb3 Ne2 45. Nc8+ Kd8 46. Nxd6 Nd4+ 47.
Kc3 Ke7 48. Nc8+ Kd8 49. Bh3 Ne4+ 50. Kb2 Nf2 0-1

[Event "Titled Tue 27th May Early"]
[Site "chess.com INT"]
[Date "2025.05.27"]
[Round "10"]
[White "Lloret Ramis, Juan Jose"]
[Black "Khandhadia, Nivaan Rathin"]
[Result "0-1"]
[WhiteTitle "FM"]
[BlackTitle "CM"]
[WhiteElo "2019"]
[BlackElo "2112"]
[WhiteFideId "2204053"]
[BlackFideId "25753274"]
[EventDate "2025.05.27"]

1. e4 c5 2. Nf3 d6 3. d4 cxd4 4. Nxd4 Nf6 5. f3 g6 6. c4 Bg7 7. Nc3 O-O 8. Be3
Nc6 9. Qd2 a6 10. Be2 e6 11. O-O d5 12. cxd5 exd5 13. exd5 Nxd5 14. Nxd5 Qxd5
15. Nxc6 Qxc6 16. Rac1 Qf6 17. Rc7 Qxb2 18. Qxb2 Bxb2 19. Bc4 Be5 20. Rc5 Bd6
21. Rd5 Be6 22. Rxd6 Bxc4 23. Ra1 Rad8 24. Rb6 Rd3 25. Kf2 Bd5 26. a4 Rc8 27.
Re1 Rc2+ 28. Kg3 Ra2 29. Bh6 f5 30. Re7 Rc2 31. Rf6 Rc8 32. Rd6 Bc4 33. Rg7+ Kh8
34. Rxd3 Bxd3 35. Rxb7 Bc2 36. a5 Re8 37. Bg5 Bd3 38. Bf6+ Kg8 39. Rg7+ Kf8 40.
Rxh7 Bb5 41. Rg7 Re6 42. Bd4 Rd6 43. Bc3 Rc6 44. Be5 Re6 45. Bd4 Rd6 46. Bb2 Rd2 0-1

[Event "Titled Tue 27th May Early"]
[Site "chess.com INT"]
[Date "2025.05.27"]
[Round "10"]
[White "Xiong, Jeffery"]
[Black "Papasimakopoulos, Alexandros"]
[Result "1-0"]
[WhiteTitle "GM"]
[BlackTitle "IM"]
[WhiteElo "2636"]
[BlackElo "2366"]
[WhiteFideId "2047640"]
[BlackFideId "4244125"]
[EventDate "2025.05.27"]

1. e4 e6 2. d4 d5 3. e5 c5 4. c3 Nc6 5. Nf3 Bd7 6. Be2 h6 7. O-O Rc8 8. a3 c4 9.
Nbd2 Na5 10. Re1 Bc6 11. Nf1 Qd7 12. Be3 Ba4 13. Qb1 Nb3 14. Ra2 Ne7 15. Nh4 g5
16. Nf3 Bg7 17. Ng3 g4 18. Nh4 h5 19. Bg5 Ng8 20. h3 Bh6 21. Bxh6 Rxh6 22. hxg4
hxg4 23. Nhf5 exf5 24. Nxf5 Rg6 25. Nd6+ Kf8 26. Nxc8 Qxc8 27. Bd1 Bd7 28. Bc2
Rg5 29. Qd1 Na5 30. Ra1 Bf5 31. Qd2 Rh5 32. e6 Bxe6 33. Qf4 Nc6 34. Re3 Qb8 35.
Qxb8+ Nxb8 36. Rae1 Nd7 37. Bd1 Ngf6 38. f3 gxf3 39. Bxf3 Rg5 40. Rf1 Ke7 41.
Bd1 Kd6 42. Bc2 Ng4 43. Rg3 Rh5 44. Bd1 Ndf6 45. Rf4 Rh4 46. Bf3 b5 47. Rh3 Rxh3
48. gxh3 Ne3 49. Rxf6 Kd7 50. Kf2 Nc2 51. Bd1 Na1 52. h4 Ke7 53. Rh6 Kf8 54.
Rh8+ Kg7 55. Ra8 Nb3 56. Bxb3 cxb3 57. Rxa7 Kg6 58. Rb7 Kh5 59. Kg3 Kg6 60. Rxb5 1-0

[Event "Titled Tue 27th May Early"]
[Site "chess.com INT"]
[Date "2025.05.27"]
[Round "10"]
[White "Suvradeepta, Das"]
[Black "Cuellar Montes, Alejandro"]
[Result "0-1"]
[WhiteTitle "FM"]
[BlackTitle "CM"]
[WhiteElo "2254"]
[BlackElo "2173"]
[WhiteFideId "5058031"]
[BlackFideId "32096836"]
[EventDate "2025.05.27"]

1. Nf3 Nf6 2. d4 d5 3. g3 b5 4. Bg2 Bb7 5. O-O e6 6. a4 b4 7. c4 bxc3 8. bxc3
Be7 9. Bf4 O-O 10. Na3 Bd6 11. Ne5 Nfd7 12. Nb5 Nxe5 13. Nxd6 cxd6 14. dxe5 dxe5
15. Bxe5 Nc6 16. Bd4 Qd6 17. Be3 Rfd8 18. a5 Ba6 19. Ra4 Rac8 20. Rh4 e5 21. Bh3
Rc7 22. Qc2 g6 23. Bc1 d4 24. Qd2 Nxa5 25. cxd4 Nb3 26. Qh6 f6 27. dxe5 fxe5 28.
Bg5 Rf8 29. Re1 Nd4 30. Bf1 Nf5 31. Be7 Rxe7 32. Qg5 Nxh4 33. Qxh4 Qf6 34. Qxf6
Rxf6 35. Bg2 e4 36. Ra1 e3 37. f4 Rd7 38. Bf3 Rd2 39. Kf1 Rb6 40. h4 Kg7 41. g4
h5 42. gxh5 gxh5 43. Bxh5 Kf6 44. Bg4 Rdb2 45. Kg2 Bxe2 46. Rxa7 Bxg4+ 47. Kg3
Be6 48. h5 e2 0-1

[Event "Titled Tue 27th May Early"]
[Site "chess.com INT"]
[Date "2025.05.27"]
[Round "10"]
[White "Shubenkova, Veronika"]
[Black "Demchenko, Yaroslav"]
[Result "1-0"]
[WhiteTitle "WFM"]
[BlackTitle "CM"]
[WhiteElo "2024"]
[BlackElo "2286"]
[WhiteFideId "44124040"]
[BlackFideId "14186667"]
[EventDate "2025.05.27"]

1. d4 e6 2. e3 d5 3. f4 Nf6 4. Nf3 Bd6 5. c3 b6 6. Bd3 Bb7 7. Nbd2 Nbd7 8. Ne5
Ne4 9. Nxe4 dxe4 10. Bb5 Bxe5 11. fxe5 O-O 12. O-O a6 13. Bc4 b5 14. Bb3 Nb6 15.
Bd2 c5 16. dxc5 Nd7 17. Bc2 Nxe5 18. Rf2 f5 19. Qe2 Bd5 20. b3 Qc7 21. b4 Bc4
22. Qh5 Rad8 23. a4 Ng4 24. Be1 Nxe3 25. axb5 axb5 26. Qg5 Ng4 27. g3 Nxf2 28.
Bxf2 h6 29. Qe3 Qe5 30. Ra7 Ra8 31. Ra5 Rxa5 32. bxa5 f4 33. gxf4 Rxf4 34. Bg3
Rf1+ 35. Kg2 Qh5 36. Bxe4 Ra1 37. Bf3 Qf5 38. Qe4 Qf7 39. Qa8+ Kh7 40. Be4+ g6
41. Bf3 Bd5 42. Qxd5 exd5 43. c6 Qc7 44. Bxc7 Ra2+ 45. Kg3 1-0

[Event "Titled Tue 27th May Early"]
[Site "chess.com INT"]
[Date "2025.05.27"]
[Round "10"]
[White "Sagalchik, Gennadij"]
[Black "Redor, Menandro"]
[Result "1-0"]
[WhiteTitle "GM"]
[WhiteElo "2434"]
[BlackElo "2021"]
[WhiteFideId "2007916"]
[BlackFideId "5222010"]
[EventDate "2025.05.27"]

1. e4 c6 2. d4 d5 3. e5 Bf5 4. h4 h5 5. Ne2 e6 6. Ng3 Bg6 7. Be2 Be7 8. Nxh5
Bxh5 9. Bxh5 g6 10. Bf3 Rxh4 11. Rxh4 Bxh4 12. g3 Bg5 13. Nc3 Nd7 14. Ne2 Bxc1
15. Qxc1 Qb6 16. c3 Ne7 17. Qd2 c5 18. O-O-O cxd4 19. cxd4 O-O-O 20. Kb1 Kb8 21.
Qf4 Nc6 22. Qxf7 Na5 23. Qxg6 Nc4 24. b3 Rc8 25. Rc1 Na3+ 26. Kb2 Rxc1 27. Kxc1
Qc6+ 28. Kb2 Nb5 29. g4 a5 30. Qc2 Qb6 31. a4 Nxd4 32. Nxd4 Qxd4+ 33. Qc3 Qxf2+
34. Ka3 d4 35. Qxa5 Qxf3 36. Qd8+ Ka7 37. Qa5+ Kb8 38. Qd8+ Ka7 39. Qxd7 Qc3 40.
Qd6 d3 41. g5 d2 42. g6 Qa1+ 43. Kb4 d1=Q 44. Qc5+ Kb8 45. Qf8+ Kc7 46. Qc5+ Kd8
47. Qb6+ Ke8 48. Qxe6+ Kf8 49. Qf7# 1-0

[Event "Titled Tue 27th May Early"]
[Site "chess.com INT"]
[Date "2025.05.27"]
[Round "10"]
[White "Duarte Cramer, Lily Jeanette"]
[Black "Sarasketa Irastortza, Oier"]
[Result "0-1"]
[WhiteTitle "WCM"]
[BlackTitle "CM"]
[WhiteElo "1828"]
[BlackElo "2190"]
[WhiteFideId "29620180"]
[BlackFideId "54728207"]
[EventDate "2025.05.27"]

1. d4 Nf6 2. c4 b6 3. Nc3 Bb7 4. Nf3 g6 5. e3 Bg7 6. Be2 O-O 7. O-O d5 8. cxd5
Nxd5 9. Qc2 c5 10. Rd1 cxd4 11. Nxd4 Qc8 12. Bd2 Nd7 13. Nxd5 Bxd5 14. Rdc1 Qb7
15. Nf3 Rac8 16. Qd1 Bxb2 17. Rxc8 Rxc8 18. Rb1 Bg7 19. a4 Ne5 20. Nxe5 Bxe5 21.
f3 Qc7 22. g3 Qd7 23. f4 Bd6 24. Bb5 Qf5 25. Be1 Qe4 26. Qxd5 Qxd5 27. Bf2 Rc2
28. Re1 Qf3 29. Rf1 Qe4 30. Rd1 Bc5 31. Bd3 Qxa4 32. Bxc2 Qxc2 33. Rd8+ Kg7 34.
Rd7 Qc1+ 35. Kg2 Bxe3 36. Rxa7 Qd2 37. Rxe7 Qxf2+ 38. Kh3 Qf3 39. f5 Qxf5+ 40.
Kg2 Qf2+ 41. Kh3 Qf1+ 42. Kh4 Qf6+ 43. Kh3 Qxe7 44. g4 Qg5 45. Kg3 Bf4+ 46. Kh3
Qh6+ 47. Kg2 Qxh2+ 48. Kf3 Qg3+ 49. Ke4 Qxg4 50. Kd5 Qf5+ 51. Kc6 Qe6+ 52. Kb7
b5 53. Ka7 b4 54. Ka8 b3 55. Ka7 b2 56. Ka8 b1=Q 57. Ka7 Qbb6+ 58. Ka8 Qb8# 0-1

[Event "Titled Tue 27th May Early"]
[Site "chess.com INT"]
[Date "2025.05.27"]
[Round "10"]
[White "Li, Hui"]
[Black "Sadey, Rinoa Mariel"]
[Result "1-0"]
[WhiteTitle "CM"]
[WhiteElo "2041"]
[BlackElo "1760"]
[WhiteFideId "15400310"]
[BlackFideId "5255945"]
[EventDate "2025.05.27"]

1. e4 c5 2. Nf3 Nc6 3. d4 cxd4 4. Nxd4 Nf6 5. Nc3 e5 6. Ndb5 d6 7. Bg5 a6 8. Na3
b5 9. Nd5 Be7 10. Bxf6 Bxf6 11. c3 Bg5 12. Nc2 O-O 13. a4 bxa4 14. Rxa4 a5 15.
Bc4 Kh8 16. O-O f5 17. exf5 Bxf5 18. Nce3 Bd7 19. Ra2 e4 20. b3 Ne5 21. Be2 Be6
22. Qd4 Rb8 23. Ra3 Bxe3 24. fxe3 Rxf1+ 25. Bxf1 Qh4 26. g3 Qg4 27. Bg2 Nf3+ 28.
Bxf3 Qxf3 29. Nf4 Rf8 30. Rxa5 Bh3 31. Ra1 Rxf4 32. Ra8+ Rf8 33. Rxf8+ Qxf8 34.
Qd1 Qf7 35. b4 Kg8 36. Qe2 Kf8 37. Qf2 Qxf2+ 38. Kxf2 Ke7 39. c4 Kd7 40. Ke2 Kc7
41. Kd2 Kc6 42. Kc3 1-0

[Event "Titled Tue 27th May Early"]
[Site "chess.com INT"]
[Date "2025.05.27"]
[Round "10"]
[White "Baskakov, Egor"]
[Black "Sturt, Raven"]
[Result "0-1"]
[WhiteTitle "CM"]
[BlackTitle "GM"]
[WhiteElo "2215"]
[BlackElo "2459"]
[WhiteFideId "24197866"]
[BlackFideId "2007304"]
[EventDate "2025.05.27"]

1. e4 e5 2. Nc3 Nc6 3. g3 Nf6 4. Bg2 Bc5 5. d3 d6 6. h3 a6 7. Nge2 Nd4 8. O-O
Be6 9. Kh2 h5 10. Nxd4 Bxd4 11. Qe2 Ng4+ 12. hxg4 hxg4+ 13. Kg1 Qf6 14. Be3 Qg6
15. f4 gxf3 16. Qxf3 Bg4 17. Qf2 Qh5 18. Rfe1 O-O-O 19. Bxd4 exd4 20. Nd5 Qh2+
21. Kf1 Rdf8 22. Bf3 Bxf3 23. Qxf3 f5 24. exf5 c6 25. Ne7+ Kd7 26. Ng6 Qh3+ 27.
Ke2 Rxf5 28. Nf4 Qh2+ 29. Kd1 g5 30. Qg4 Rf8 31. Ne2 Kc7 32. Nxd4 Rf1 33. Ne6+
Kb8 34. Nxf8 Rf2 35. Re2 Qg1+ 36. Kd2 Rxe2+ 37. Qxe2 Qxa1 38. Qe8+ Ka7 39. Qe3+
c5 40. Nd7 Qxb2 41. Qe8 a5 42. a4 Qb4+ 43. Ke2 Qg4+ 44. Kd2 Qb4+ 45. c3 Qb2+ 46.
Ke3 Qc1+ 47. Kf3 Qd1+ 48. Kg2 Qe2+ 49. Kh3 Qxe8 0-1

[Event "Titled Tue 27th May Early"]
[Site "chess.com INT"]
[Date "2025.05.27"]
[Round "10"]
[White "Pavlov, Nikolay"]
[Black "Rustemov, Alexander"]
[Result "1-0"]
[WhiteTitle "FM"]
[BlackTitle "GM"]
[WhiteElo "2316"]
[BlackElo "2525"]
[WhiteFideId "24141470"]
[BlackFideId "4119002"]
[EventDate "2025.05.27"]

1. e4 e6 2. d4 d5 3. e5 c5 4. c3 Bd7 5. Nf3 Ne7 6. Be2 Nbc6 7. O-O cxd4 8. cxd4
Nf5 9. Nc3 Be7 10. Bd3 Nfxd4 11. Nxd4 Nxd4 12. Qg4 Nc6 13. Qxg7 Rf8 14. Bh6 Qb6
15. Qxh7 O-O-O 16. Bxf8 Rxf8 17. Rac1 Kb8 18. Bb5 Nxe5 19. Qg7 Nc6 20. b3 Qd8
21. Ne2 Bf6 22. Qh7 Qa5 23. Bxc6 Bxc6 24. Rc2 a6 25. Ng3 Qd8 26. Qh6 Bg5 27. Qh5
Qf6 28. Ne2 Rh8 29. Qg4 Qh6 30. h3 Bf6 31. Qf3 Qg7 32. Rd1 Rg8 33. Ng3 Be5 34.
Rd3 Ka8 35. a4 Bd6 36. Qe2 e5 37. Rf3 Ka7 38. Rfc3 Qg6 39. Rxc6 bxc6 40. Rxc6
Kb8 41. Qxa6 Qe6 42. Qb6+ Ka8 43. Qb5 Bb8 44. Rxe6 fxe6 45. Qc6+ Ka7 46. Qxe6
Rd8 47. Qe7+ 1-0

[Event "Titled Tue 27th May Early"]
[Site "chess.com INT"]
[Date "2025.05.27"]
[Round "10"]
[White "Jake Shanty"]
[Black "Begunov, Konstantin"]
[Result "1-0"]
[WhiteTitle "FM"]
[BlackTitle "FM"]
[WhiteElo "2252"]
[BlackElo "2325"]
[WhiteFideId "33478066"]
[BlackFideId "4118510"]
[EventDate "2025.05.27"]

1. Nf3 d5 2. e3 c6 3. b3 Bg4 4. Bb2 Nd7 5. d4 e6 6. Nbd2 f5 7. h3 Bh5 8. Bd3
Ngf6 9. c4 Bb4 10. cxd5 cxd5 11. a3 Bxd2+ 12. Qxd2 Bxf3 13. gxf3 Qb6 14. b4 O-O
15. Ke2 Qd6 16. f4 Ne4 17. Qe1 Nb6 18. f3 Nf6 19. Rc1 Rfc8 20. Qd2 Qd7 21. Rc5
Qd8 22. Rhc1 Nfd7 23. Rxc8 Rxc8 24. Rxc8 Qxc8 25. Qc2 Qxc2+ 26. Bxc2 Nc4 27. Bc1
b5 28. e4 g6 29. a4 a6 30. a5 Nb8 31. Bd2 Nc6 32. Bc3 Kf7 33. h4 Kg7 34. h5 Kh6
35. hxg6 Kxg6 36. Kf2 Nd6 37. Ke3 h5 38. Be1 fxe4 39. fxe4 dxe4 40. Bxe4+ Nxe4
41. Kxe4 Kf6 42. Bh4+ Kf7 43. Be1 Ne7 44. Ke5 Nd5 45. f5 Nc7 46. fxe6+ Nxe6 47.
d5 Ng5 48. Kf4 Kg6 49. Bh4 Nf7 50. Be7 Kg7 51. Kf5 Nh6+ 52. Ke6 1-0

[Event "Titled Tue 27th May Early"]
[Site "chess.com INT"]
[Date "2025.05.27"]
[Round "10"]
[White "Diaz Vasquez, Martin"]
[Black "Miranda Camus, Joaquin Ignacio"]
[Result "1-0"]
[WhiteTitle "CM"]
[BlackTitle "FM"]
[WhiteElo "2266"]
[BlackElo "2196"]
[WhiteFideId "3410579"]
[BlackFideId "3449300"]
[EventDate "2025.05.27"]

1. d4 b6 2. e4 Bb7 3. Bd3 e6 4. Nf3 Nf6 5. Qe2 d5 6. e5 Nfd7 7. Bg5 Be7 8. h4 h6
9. Bf4 c5 10. c3 Nc6 11. a3 cxd4 12. cxd4 Rc8 13. Nc3 a6 14. h5 b5 15. Rh3 Nb6
16. Rg3 Kf8 17. Rd1 Na5 18. Nd2 Bxa3 19. Qg4 Bxb2 20. Qxg7+ Ke7 21. Ne2 Qf8 22.
Qf6+ Kd7 23. Rg7 Ke8 24. Bg6 Rc7 25. Qxe6+ Re7 26. Bxf7+ Qxf7 27. Qxb6 Qxg7 28.
Qxa5 Rc7 29. e6 Rc8 30. Be5 Qxg2 31. Bxh8 Qh1+ 32. Nf1 Qe4 33. Qb6 Bc3+ 34. Nd2
Qh1+ 35. Ng1 Qxg1+ 36. Ke2 Qg4+ 37. Kd3 Qf5+ 38. Ke2 Qxh5+ 39. Nf3 Qg6 40. Qxb7
Qxe6+ 41. Kf1 Qd7 42. Qb6 Rc6 43. Qb8+ Rc8 44. Qe5+ Kf8 45. Qf4+ Kg8 46. Qg3+
Kxh8 47. Ne5 Qg7 48. Qh3 Rg8 49. Rd3 b4 50. Rg3 Qh7 51. Qe6 1-0

[Event "Titled Tue 27th May Early"]
[Site "chess.com INT"]
[Date "2025.05.27"]
[Round "10"]
[White "Harsh, Suresh"]
[Black "Bluebaum, Matthias"]
[Result "1/2-1/2"]
[WhiteTitle "IM"]
[BlackTitle "GM"]
[WhiteElo "2392"]
[BlackElo "2660"]
[WhiteFideId "45018464"]
[BlackFideId "24651516"]
[EventDate "2025.05.27"]

1. b3 d5 2. Bb2 e6 3. Nf3 Nf6 4. e3 Bd6 5. c4 O-O 6. Nc3 c5 7. Be2 Nc6 8. cxd5
exd5 9. d4 cxd4 10. Nxd4 Nxd4 11. Qxd4 Re8 12. O-O Be5 13. Qd2 d4 14. exd4 Qxd4
15. Qxd4 Bxd4 16. Bf3 Rd8 17. Na4 Bxb2 18. Nxb2 Rb8 19. Rfd1 Rxd1+ 20. Rxd1 Be6
21. Bxb7 g5 22. Ba6 Nd5 23. Na4 Nb4 24. Nc5 Bf5 25. Bc4 Rc8 26. a3 Nc2 27. Rd5
Bg6 28. Rxg5 Nxa3 29. h4 Nxc4 30. bxc4 f6 31. Rd5 Bf7 32. Rf5 Bg6 33. Rd5 a5 34.
Nd7 Rxc4 35. Rxa5 Kg7 36. Ra7 Rxh4 37. g3 Rd4 38. Ne5+ Kh6 39. Nxg6 hxg6 40. Kg2
Rd2 41. Ra6 f5 42. Ra5 Kg5 43. Ra4 Rd3 44. Rb4 Rc3 45. Ra4 Rb3 46. Rc4 Kf6 47.
Rc6+ Kf7 48. Rc7+ Kf6 49. Rc6+ Kg5 50. Rc4 Rb6 51. Rc5 Kf6 52. Rc4 g5 53. Ra4
Rc6 54. Ra5 Kg6 55. Rb5 Rf6 56. Ra5 Kh5 57. Kf3 Rf8 58. Rb5 Rf7 59. Ra5 Rf6 60.
Rb5 Kg6 61. Kg2 f4 62. gxf4 Rxf4 63. Kg3 Ra4 64. Rb6+ Kh5 65. Rb5 Rg4+ 66. Kf3
Rg1 67. Ra5 Kg6 68. Ra6+ Kh5 69. Ra5 Kh4 70. Ra8 Kh5 71. Ra5 1/2-1/2

[Event "Titled Tue 27th May Early"]
[Site "chess.com INT"]
[Date "2025.05.27"]
[Round "10"]
[White "Osiecki, Stanislaw"]
[Black "Montano Vicente, Guadalupe"]
[Result "1-0"]
[WhiteTitle "FM"]
[WhiteElo "1944"]
[BlackElo "1940"]
[WhiteFideId "1102990"]
[BlackFideId "5181399"]
[EventDate "2025.05.27"]

1. e4 c5 2. c3 Nf6 3. e5 Nd5 4. d4 cxd4 5. Nf3 d6 6. cxd4 Nc6 7. Bc4 Nb6 8. Bb5
e6 9. O-O Bd7 10. exd6 Bxd6 11. Nc3 O-O 12. Bd3 Be7 13. Qe2 Bf6 14. Rd1 Nb4 15.
Bb1 Bc6 16. a3 Bxf3 17. Qxf3 N4d5 18. Qe4 g6 19. Bh6 Re8 20. Ne2 Rc8 21. Bd3 Bg5
22. Bxg5 Qxg5 23. f4 Qf6 24. Rac1 h5 25. g3 Red8 26. Kg2 Qe7 27. Ng1 Nf6 28. Qe2
Rxc1 29. Rxc1 Rxd4 30. Nf3 Rd8 31. Ne5 Ng4 32. Nxg4 hxg4 33. Be4 Rd4 34. Re1 f5
35. Bb1 Rd6 36. Ba2 Nd5 37. h3 Kg7 38. hxg4 fxg4 39. Qxg4 Nf6 40. Qe2 Qd8 41.
Kg1 Qb6+ 42. Qf2 Ng4 43. Qxb6 Rxb6 44. b4 a5 45. bxa5 Ra6 46. Bxe6 Nf6 47. Bc8
Rxa5 48. Bxb7 Rxa3 49. Re7+ Kf8 50. Rc7 Nh5 51. Rc8+ Ke7 52. Rc7+ Kf6 53. Be4
Rxg3+ 54. Kf2 1-0

[Event "Titled Tue 27th May Early"]
[Site "chess.com INT"]
[Date "2025.05.27"]
[Round "10"]
[White "Mora Munoz, Alejandro"]
[Black "Emeliantsev, Anatoliy"]
[Result "1-0"]
[WhiteTitle "FM"]
[BlackTitle "FM"]
[WhiteElo "2147"]
[BlackElo "2359"]
[WhiteFideId "4469844"]
[BlackFideId "4160681"]
[EventDate "2025.05.27"]

1. e4 c5 2. Nf3 Nc6 3. d4 cxd4 4. Nxd4 Nf6 5. Nc3 e5 6. Ndb5 d6 7. Nd5 Nxd5 8.
exd5 Ne7 9. c4 Nf5 10. Qa4 Bd7 11. Qb4 a6 12. Nc3 Nd4 13. Bd3 Qc7 14. O-O Be7
15. Be3 O-O 16. Bxd4 exd4 17. Ne2 Bf6 18. Qd2 a5 19. Qf4 Qb6 20. Rab1 Rfe8 21.
h4 Re7 22. h5 Rae8 23. Qf3 Re5 24. h6 Qd8 25. Ng3 g6 26. Qf4 Bg5 27. Qxd4 Bxh6
28. Ne4 Bf5 29. Nc3 Bxd3 30. Qxd3 Qh4 31. g3 Qh3 32. Qf3 Rh5 33. Qg2 Qg4 34.
Rbe1 Rhe5 35. Rxe5 Rxe5 36. Nb5 Qxc4 37. Nxd6 Qxd5 38. Qxd5 Rxd5 39. Nc4 a4 40.
Re1 b5 41. Nb6 Rd2 42. b3 Rxa2 43. bxa4 bxa4 44. Re8+ Kg7 45. Ra8 a3 46. Kg2 Bd2
47. Nc4 Bb4 48. Kf3 Rc2 49. Ne3 1-0

[Event "Titled Tue 27th May Early"]
[Site "chess.com INT"]
[Date "2025.05.27"]
[Round "10"]
[White "Hehir, Michael"]
[Black "Leinov, Roman"]
[Result "0-1"]
[BlackTitle "CM"]
[WhiteElo "2009"]
[BlackElo "2120"]
[WhiteFideId "2047411"]
[BlackFideId "13504649"]
[EventDate "2025.05.27"]

1. d4 Nf6 2. c4 e6 3. Nf3 b6 4. g3 Bb7 5. Bg2 Bb4+ 6. Bd2 Be7 7. Nc3 O-O 8. O-O
d5 9. cxd5 exd5 10. Rc1 c5 11. Bf4 Nc6 12. Nb5 a6 13. Nc3 c4 14. Re1 b5 15. e4
dxe4 16. Nxe4 Nxe4 17. Rxe4 Nb4 18. Re3 Nxa2 19. Ra1 Nb4 20. Qb1 Nd5 21. Re5 Bf6
22. Rh5 g6 23. Rh3 Nxf4 24. gxf4 Bxf3 25. Bxf3 Ra7 26. d5 Qd6 27. Qc1 Re8 28. f5
Bg7 29. Qg5 Qf6 30. Qxf6 Bxf6 31. Rd1 Bxb2 32. fxg6 hxg6 33. d6 c3 34. Bc6 Rd8
35. Be4 Rad7 36. Rhd3 b4 37. Rd4 c2 38. Bxc2 Bxd4 39. Rxd4 Rxd6 40. Rxb4 Kg7 41.
Bb3 Rf6 42. Rb7 Rd2 43. f3 Rxf3 44. Bc4 Rc3 45. Bxa6 Rc1+ 46. Bf1 Rdd1 47. Rxf7+
Kxf7 48. Kg2 Rxf1 49. h4 Rf5 50. h5 gxh5 51. Kg3 Kg6 52. Kh4 Rc4+ 53. Kg3 Ra5
54. Kf3 Ra3+ 55. Ke2 Rb4 56. Kd2 Rb2+ 57. Kc1 Rh2 58. Kb1 Rg3 0-1

[Event "Titled Tue 27th May Early"]
[Site "chess.com INT"]
[Date "2025.05.27"]
[Round "10"]
[White "Logachiov, Aleksandr"]
[Black "Sobek, Jaroslav"]
[Result "1-0"]
[WhiteTitle "CM"]
[BlackTitle "FM"]
[WhiteElo "2129"]
[BlackElo "2195"]
[WhiteFideId "24123706"]
[BlackFideId "301388"]
[EventDate "2025.05.27"]

1. d4 Nf6 2. Bg5 c5 3. Bxf6 gxf6 4. d5 f5 5. c4 Qb6 6. Qc2 Bg7 7. Nc3 d6 8. e3
Na6 9. a3 Bd7 10. Bd3 e6 11. Nge2 Nc7 12. O-O-O O-O-O 13. Ng3 h5 14. h4 Be5 15.
f4 Bf6 16. e4 fxe4 17. Ngxe4 Be7 18. Ng5 Be8 19. Rhe1 Bxg5 20. hxg5 Kb8 21. f5
exd5 22. cxd5 Rg8 23. g6 fxg6 24. fxg6 Bd7 25. Re7 Bg4 26. Rde1 Ne8 27. Ne4 Ng7
28. Nf6 Qa5 29. Nxg4 hxg4 30. Qc3 Qxc3+ 31. bxc3 Rde8 32. Kd2 Kc8 33. Rf7 Rxe1
34. Kxe1 a6 35. Kf2 Nh5 36. g3 b5 37. Bf5+ Kd8 38. Rd7+ Ke8 39. Rf7 Rg7 40. Be6
Rxf7+ 41. gxf7+ Ke7 42. Bxg4 Nf6 43. Be6 Ne4+ 44. Ke3 Nxc3 45. Kf4 b4 46. axb4
cxb4 47. Kg5 b3 48. Kh6 Kf8 49. g4 b2 50. g5 b1=Q 51. g6 Qh1+ 52. Kg5 1-0

[Event "Titled Tue 27th May Early"]
[Site "chess.com INT"]
[Date "2025.05.27"]
[Round "10"]
[White "Nagare Kaivalya Sandip"]
[Black "Cahaya, Satria Duta"]
[Result "1-0"]
[WhiteTitle "FM"]
[BlackTitle "FM"]
[WhiteElo "2321"]
[BlackElo "2416"]
[WhiteFideId "25957929"]
[BlackFideId "7124252"]
[EventDate "2025.05.27"]

1. e4 e5 2. Nf3 Nc6 3. Bb5 a6 4. Ba4 Nf6 5. O-O d6 6. c3 g6 7. d4 Bd7 8. Re1 Bg7
9. h3 O-O 10. Bc2 Nh5 11. Na3 Qe8 12. Nc4 a5 13. Ne3 Kh8 14. Nd5 Rc8 15. g3 Bxh3
16. Ng5 Bd7 17. g4 f6 18. Nxh7 Kxh7 19. gxh5 gxh5 20. Kh1 Bg4 21. f3 Bd7 22. Rg1
Ne7 23. f4 Bg4 24. Rxg4 hxg4 25. Qxg4 Rh8 26. Bb3 Nxd5 27. Bxd5 Qg6 28. Qxg6+
Kxg6+ 29. Kg2 f5 30. Be6 Rce8 31. exf5+ Kf6 32. dxe5+ dxe5 33. Be3 Rh7 34. fxe5+
Kxe5 35. Rd1 Reh8 36. Bd4+ Kf4 37. Rf1+ Kg5 38. f6 Rh2+ 39. Kg3 Bf8 40. Be3+ Kg6
41. Bf5+ Kf7 42. Bg4 Bd6+ 43. Kf3 Rxb2 44. Bd4 Rg8 45. Bh5+ Ke6 46. Re1+ Kd7 47.
f7 Rg3+ 48. Ke4 Rxa2 49. Be5 Bc5 50. Bxg3 1-0